| 000 | 00799nam a2200253 a 4500 | ||
|---|---|---|---|
| 005 | 20140310183231.0 | ||
| 008 | 021121s19uu xx 00 eng d | ||
| 020 | _a0871203138 | ||
| 050 |
_aLB 2806.15 _b.W54 1998 |
||
| 100 | _aWiggins, Grant | ||
| 245 |
_aUnderstanding by design / _cGrant Wiggins and Jay McTighe. |
||
| 260 |
_aAlexandria, Va : _bAssociation for Supervision and Curriculum Development, _cc1998. |
||
| 300 |
_a207 p. : _bill. ; _c25 cm. |
||
| 440 | _aASCD | ||
| 500 | _aIncludes bibliographical references and index. | ||
| 521 | _aEDU | ||
| 650 |
_aCurriculum planning _xUnited States. |
||
| 650 |
_aCurriculum based-assessment _xUnited States. |
||
| 650 | _aLearning. | ||
| 650 | _aComprehension. | ||
| 700 | _aMcTighe, Jay | ||
| 942 |
_cBK _2lcc _kFOR |
||
| 999 |
_c20506 _d20506 |
||